LEADER 01711nam 2200541Ia 450 001 9910452164703321 005 20200520144314.0 010 $a1-61209-054-0 035 $a(CKB)2550000001041805 035 $a(EBL)3019034 035 $a(SSID)ssj0000852624 035 $a(PQKBManifestationID)12421878 035 $a(PQKBTitleCode)TC0000852624 035 $a(PQKBWorkID)10853994 035 $a(PQKB)10881857 035 $a(MiAaPQ)EBC3019034 035 $a(Au-PeEL)EBL3019034 035 $a(CaPaEBR)ebr10662840 035 $a(OCoLC)834129310 035 $a(EXLCZ)992550000001041805 100 $a20100927d2011 uy 0 101 0 $aeng 135 $aur|n|---||||| 181 $ctxt 182 $cc 183 $acr 200 00$aBiology of starvation in humans and other organisms$b[electronic resource] /$fTodd C. Merkin, editor 210 $aNew York $cNova Science Publishers$dc2011 215 $a1 online resource (413 p.) 225 1 $aBiotechnology in agriculture, industry and medicine 300 $aDescription based upon print version of record. 311 $a1-61122-546-9 320 $aIncludes bibliographical references and index. 410 0$aBiotechnology in agriculture, industry and medicine series. 606 $aStarvation 606 $aIngestion$xPhysiological aspects 608 $aElectronic books. 615 0$aStarvation. 615 0$aIngestion$xPhysiological aspects. 676 $a612.3/9 701 $aMerkin$b Todd C$0942823 801 0$bMiAaPQ 801 1$bMiAaPQ 801 2$bMiAaPQ 906 $aBOOK 912 $a9910452164703321 996 $aBiology of starvation in humans and other organisms$92127584 997 $aUNINA LEADER 01292nam a22002531i 4500 001 991002663419707536 005 20030726183222.0 008 030925s1938 it |||||||||||||||||ita 035 $ab12321126-39ule_inst 035 $aARCHE-036866$9ExL 040 $aBiblioteca Interfacoltà$bita$cA.t.i. Arché s.c.r.l. Pandora Sicilia s.r.l. 082 04$a759.5 245 00$a"Inediti" romagnoli del Rinascimento nel palazzo Piancastelli a Fusignano 260 $a[S.l. :$bs.n.],$c1938 300 $a1 v. ;$c21 cm 440 0$aRaccolte pubbliche e private di Romagna 500 $aEstr. da: Melozzo da Forlì : rassegna d'arte romagnola / edita a cura del Comune di Forlì e sotto gli auspici della Reale accademia d'Italia e della Confederazione nazionale professionisti e artisti per il V centenario della nascita di Melozzo (1438) e per il IV centenario della morte del Palmezzano (1439) 650 4$aArtisti italiani$xSec. 16. 907 $a.b12321126$b02-04-14$c08-10-03 912 $a991002663419707536 945 $aLE002 Misc. I L 7/10$g1$iLE002-33315$lle002$o-$pE0.00$q-$rn$so $t0$u0$v0$w0$x0$y.i12719559$z08-10-03 996 $a"Inediti" romagnoli del Rinascimento nel palazzo Piancastelli a Fusignano$9161602 997 $aUNISALENTO 998 $ale002$b08-10-03$cm$da $e-$fita$git $h0$i1 LEADER 03390oam 22006134a 450 001 9910861991303321 005 20230124200850.0 010 $a1-9788-0488-1 010 $a1-9788-0486-5 024 7 $a10.36019/9781978804883 035 $a(CKB)4100000011883514 035 $a(OCoLC)1245579213 035 $a(MdBmJHUP)muse98589 035 $a(MiAaPQ)EBC6536720 035 $a(Au-PeEL)EBL6536720 035 $a(DE-B1597)588953 035 $a(DE-B1597)9781978804883 035 $a(EXLCZ)994100000011883514 100 $a20200810d2021 uy 0 101 0 $aeng 135 $aur|||||||nn|n 181 $ctxt$2rdacontent 182 $cc$2rdamedia 183 $acr$2rdacarrier 200 10$aLife in a Cambodian Orphanage$eA Childhood Journey for New Opportunities /$fKathie Carpenter 210 1$aNew Brunswick :$cRutgers University Press,$d[2021] 210 4$d©[2021] 215 $a1 online resource (vii, 207 pages) $cillustrations ; 225 0 $aRutgers series in childhood studies 311 $a1-9788-0484-9 311 $a1-9788-0485-7 327 $aHistory of orphanages in Cambodia -- Orphanage tourism and the anti-orphanage tourism campaign -- Methods -- The rhythms of daily life in the orphanage -- The orphanage remembered: milestones and experiences -- Reflecting back and looking ahead. 330 $a"What is it like to grow up in an orphanage? What do residents themselves have to say about their experiences? Are there ways that orphanages can be designed to meet children's developmental needs and to provide them with necessities they are unable to receive in their home communities? In this book, detailed observations of children's daily life in a Cambodian orphanage are combined with follow-up interviews of the same children after they have grown and left the orphanage. Their thoughtful reflections show that the quality of care children receive is more important for their well-being than the site in which they receive it. Life in a Cambodian Orphanage situates orphanages within the social and political history of Cambodia, and shows that orphanages need not always be considered bleak sites of deprivation and despair. It suggests best practices for caring for vulnerable children regardless of the setting in which they are living"--$cProvided by publisher. 410 0$aRutgers Series in Childhood Studies 606 $aOrphans$xSocial conditions$2fast$3(OCoLC)fst01048444 606 $aOrphanages$2fast$3(OCoLC)fst01048423 606 $aSOCIAL SCIENCE / Sociology / General$2bisacsh 606 $aOrphans$zCambodia$xSocial conditions 606 $aOrphanages$zCambodia 607 $aCambodia$2fast 610 $aorphan, orphanage, children, Cambodian orphanage, Cambodia, Orphanage Tourism, Anti-orphanage Tourism Campaign, residents, political history of Cambodia, despair, deprivation, adoption, family, orphanage life, residential institution, orphans, biological families. 615 7$aOrphans$xSocial conditions. 615 7$aOrphanages. 615 7$aSOCIAL SCIENCE / Sociology / General. 615 0$aOrphans$xSocial conditions. 615 0$aOrphanages 676 $a362.732 700 $aCarpenter$b Kathie Lou$01741636 801 0$bMdBmJHUP 801 1$bMdBmJHUP 906 $aBOOK 912 $a9910861991303321 996 $aLife in a Cambodian Orphanage$94167749 997 $aUNINA